000 00383nam a2200157Ia 4500
008 230917s9999||||xx |||||||||||||| ||und||
020 _cRS40
040 _e8948
_aMAIN
041 _aEnglish
082 _a327.44 C455D
100 _aChopra, H S
245 0 _aDe gaulle and Europen unity
260 _aNew Delhi
_bAbhinav Publications
_c1974
300 _axv, 347 p.
942 _cBK
999 _c178000
_d178000